000 00413pab a2200169 454500
008 180718b2011 xxu||||| |||| 00| 0 eng d
100 _aTeltumbde, Anand
245 _aOccupy movement and India
260 _c2011
300 _ap.10-11.
362 _a17 Dec
650 _aProtest movements - India
650 _aProtest movements
773 _aEconomic and Political Weekly
908 _aN
909 _a94252
999 _c94252
_d94252